| 000 | 00960cam a2200217 4500 | ||
|---|---|---|---|
| 001 | WB3701-02 | ||
| 008 | 000000n2000 000 0 eng u | ||
| 035 | _a(Sirsi) u110023 | ||
| 245 | _aMP to prune hedge horrors | ||
| 260 | _c2000 | ||
| 490 |
_aBirmingham Post _v21 December 2000, 1(1) |
||
| 520 | _aJohn Taylor, MP for Solihull, is to introduce a Private Member's Bill which may impose a maximum height restriction of two metres on hedges as well as giving local authorities the power to intervene if mediation between neighbours fails. The government unveiled similar proposals in a Green Paper in August and promised to bring in legislation if it could find parliamentary time. | ||
| 590 | _aWB | ||
| 650 | _aHEDGEROWS | ||
| 650 | _aLEYLANDII HEDGES | ||
| 650 | _aNEIGHBOUR DISPUTES | ||
| 650 | _aCONTROL OF HEDGEROWS IN RESIDENTIAL AREAS BILL | ||
| 650 | _aHIGH HEDGES: POSSIBLE SOLUTIONS | ||
| 690 |
_aBoundary disputes _96221 |
||
| 942 | _n0 | ||
| 999 |
_c65627 _d65627 |
||